| 000 | 00478nam a2200181Ia 4500 | ||
|---|---|---|---|
| 003 | GCL | ||
| 008 | 140319s9999 xx 000 0 eng d | ||
| 040 |
_aGCL / _cGCL |
||
| 082 | 0 | 4 |
_a297.4 _bN S |
| 100 | 1 | _aNICHOLSON, REYNOLD ALLEYNE | |
| 245 | 1 | 0 |
_aSTUDIES IN ISLAMIC MYSTICISM / _cNICHOLSON, REYNOLD ALLEYNE |
| 260 |
_a[S.N] : _bCURZON PRESS ، _c1994 |
||
| 300 | _a282 P | ||
| 650 | 0 | 4 | _aRELIGION |
| 650 | 0 | 4 | _aMYSTICISM |
| 650 | 0 | 4 | _aISLAMIC MYSTICISM |
| 942 |
_2ddc _cBK |
||
| 999 |
_c13999 _d13999 |
||